00478 2200193 4500001002100000005001500021035002000036245005600056100001200112250000600124856004500130260004100175082000800216084001400224600001000238990001200248990001200260990001200272INLIS00000000000173120250505105112 a0010-05250000231 aMilenium Target :b( Taman Pulau Surga ) /cDarisan0 aDarisan a1 aRuang Baca Umum No Klas 800 ( Rak 3,4,5) aYogyakarta :bMita Gama Widya,c1999 a813 a813 DAR m 4aFiksi a00.0180 a00.0181 a00.0182